| 000 | 00575nam a2200193 u 4500 | ||
|---|---|---|---|
| 005 | 20240919064804.0 | ||
| 008 | 090220s2007 ag r 000 0 spa d | ||
| 020 | _a9789501245424 | ||
| 035 | _aUPN01000169659 | ||
| 049 | _aCG | ||
| 050 | 4 |
_aLC191 _bD8.5 |
|
| 100 | 1 |
_aDuschatzky, Silvia _942659 |
|
| 245 | 1 | 0 |
_aMaestros errantes : _bexperimentaciones sociales en la intemperie / _cSilvia Duschatzky. |
| 260 |
_aBuenos Aires : _bPaidós, _c2007. |
||
| 300 | _a188 p. | ||
| 440 | 0 |
_aTramas sociales ; _v42 |
|
| 650 | 4 |
_aEducación _xAspectos sociales _95311 |
|
| 905 | _aLibro | ||
| 999 |
_c141765 _d141765 |
||